| 000 | 01459nam a2200361Ia 4500 | ||
|---|---|---|---|
| 005 | 20170706110659.0 | ||
| 010 | _aBAC-EN21 ENG-111801 | ||
| 020 |
_a9789332517097 _c265.00 |
||
| 035 | _aEN-95333 | ||
| 035 | _aB-589885-919 | ||
| 035 | _aB-668101 | ||
| 037 |
_bTechniz/Ven _adpl |
||
| 037 | _bDBAD/PUB | ||
| 082 | _a808.02 | ||
| 100 | _aMcMillan, Kathleen | ||
| 245 |
_aHow to write essays & assignments / _cby Kathleen McMillan [and] Jonathan Weyers |
||
| 250 | _a2nd ed | ||
| 260 |
_c2014 _aNew Delhi _bPearson India |
||
| 270 |
_a11 Community Centre,Panchsheel Park _bNew Delhi _e110017 |
||
| 300 |
_c22cm(pbk) _axi,252p. |
||
| 490 | _aSmarter study skills | ||
| 500 | _aIncludes bibliographical references | ||
| 650 |
_a Criticism _xAuthorship _vHandbooks, manuals, etc. |
||
| 650 |
_a Literature _xHistory and criticism _xTheory, etc. _vHandbooks, manuals, etc. |
||
| 650 |
_a English language _xRhetoric _vHandbooks, manuals, etc. |
||
| 650 |
_a English language _xRhetoric _vHandbooks, manuals, etc. |
||
| 650 |
_a Academic writing _vHandbooks, manuals, etc. |
||
| 650 | _a Test-taking skills. | ||
| 700 | _aWeyers, Jonathan | ||
| 942 |
_cEN _2ddc _mMCM _h808.02 |
||
| 999 |
_c88173 _d88173 |
||